000 00534nam a22001932 4500
001 0000002668
005 20170406114415.0
008 140326s xx 000 0 eng d
020 _a9789810070786 :
_c$
040 _aYour Holding Symbol
_cYour Holding Symbol
100 1 _aKohli,Jitendra.
245 1 4 _aThe business guide to india.
250 _a ed.
260 _aAsia :
_breed academic publishing,
_c1996.
300 _a389 p. ;
_c cm.
504 _aindex.
650 0 _aindia business.
908 _a140326
999 _c2554
_d2554